Normal view MARC view

Entry Personal Name

Number of records used in: 1

001 - CONTROL NUMBER

  • control field: 24200

003 - CONTROL NUMBER IDENTIFIER

  • control field: OSt

005 - DATE AND TIME OF LATEST TRANSACTION

  • control field: 20210617150452.0

008 - FIXED-LENGTH DATA ELEMENTS

  • fixed length control field: 210617|| aca||aabn | a|a d

040 ## - CATALOGING SOURCE

  • Original cataloging agency: OSt
  • Transcribing agency: OSt

100 ## - HEADING--PERSONAL NAME

  • Personal name: Carranza, A.S., Albareda, A. and Federo, R.

670 ## - SOURCE DATA FOUND

  • Source citation: Work cat.: (OSt)515902: Carranza, A.S., Albareda, A. and Federo, R., Network tasks and accountability: A configurational analysis of EU regulatory networks

Powered by Koha